书目信息 |
| 题名: |
小学数学教师手册
|
|
| 作者: | 顾汝佐 , 王明欢 , 叶季明 , 彭淑妥 编 | |
| 分册: | ||
| 出版信息: | 上海 上海教育出版社 1985 |
|
| 页数: | 453页 | |
| 开本: | 20cm | |
| 丛书名: | ||
| 单 册: | ||
| 中图分类: | G623.5 , G-62 | |
| 科图分类: | ||
| 主题词: | 数学--小学--教学参考资料 , 文化 , 科学 , 教育 , 体育 | |
| 电子资源: | ||
| ISBN: | ||
| 000 | 00795nam0 2200301 450 | |
| 001 | 1568005664 | |
| 005 | 20150131185408.53 | |
| 091 | @a7150.3491@d2.35 | |
| 100 | @a19900816d1985 em y0chiy0110 ea | |
| 101 | 0 | @achi |
| 102 | @aCN@b310000 | |
| 105 | @ay z 000yy | |
| 200 | 1 | @a小学数学教师手册@9xiao xue shu xue jiao shi shou ce@f顾汝佐等编 |
| 210 | @a上海@c上海教育出版社@d1985 | |
| 215 | @a453页@d20cm | |
| 606 | 0 | @a数学@x小学@x教学参考资料 |
| 606 | 0 | @a文化 |
| 606 | 0 | @a科学 |
| 606 | 0 | @a教育 |
| 606 | 0 | @a体育 |
| 690 | @aG623.5@v5 | |
| 690 | @aG-62@v4 | |
| 701 | 0 | @a顾汝佐@9gu ru zuo@4编 |
| 701 | 0 | @a王明欢@9wang ming huan@4编 |
| 701 | 0 | @a叶季明@9ye ji ming@4编 |
| 701 | 0 | @a彭淑妥@9peng shu tuo@4编 |
| 801 | 0 | @aCN@bTSSF@c20150131 |
| 905 | @aZUCC@dG-62@eJY3 | |
| 小学数学教师手册/顾汝佐等编.-上海:上海教育出版社,1985 |
| 453页;20cm |
| ISBN : |
| ● |
| 相关链接 |
|
|
|
|
正题名:小学数学教师手册
索取号:G-62/JY3
 
预约/预借
| 序号 | 登录号 | 条形码 | 馆藏地/架位号 | 状态 | 备注 |
| 1 | 7847648 | 278476481 | 学院路分馆/ [索取号:G-62/JY3] | 在馆 | |
| 2 | 7863591 | 278635915 | 学院路分馆/ [索取号:G-62/JY3] | 在馆 |